The Dhammapada: with Introductory Essays, Pali Tex English Translation and Note (Record no. 20339)

MARC details
000 -LEADER
fixed length control field 00363nam a22001337a 4500
020 ## - INTERNATIONAL STANDARD BOOK NUMBER
ISBN 019564080-2
082 ## - DEWEY DECIMAL CLASSIFICATION NUMBER
Classification number 294.38 RAD
100 ## - MAIN ENTRY--AUTHOR NAME
Author name Radhakrishnan, S.
245 ## - TITLE STATEMENT
Title The Dhammapada: with Introductory Essays, Pali Tex English Translation and Note
260 ## - PUBLICATION, DISTRIBUTION, ETC. (IMPRINT)
Place of publication New delhi
Name of publisher Oxford University Press
Year of publication 1996
300 ## - PHYSICAL DESCRIPTION
Number of Pages 194
650 ## - SUBJECT ADDED ENTRY--TOPICAL TERM
Topical Term Dhammapada
942 ## - ADDED ENTRY ELEMENTS (KOHA)
Koha item type Books
Holdings
Home library Current library Date acquired Source of acquisition Cost, normal purchase price Full call number Accession Number Koha item type
Henry Martyn Institute Library Henry Martyn Institute Library 03/09/2017 amazon 325.00 294.38 RAD 25198 Books
                   Copyright © 2026 | Henry Martyn Institute | Hyderabad | TS-500052 | INDIA | Implemented by hmi.edu.in
Hit-Count:

Powered by Koha